[Event "XXVII RUS-chT Premier 2020"]
[Site "Sochi"]
[Date "2020.11.20"]
[Round "2.27"]
[White "Chigaev, Maksim"]
[Black "Nozdrachev, Leonid"]
[Result "1-0"]
[WhiteElo "2615"]
[BlackElo "2391"]
[Annotator "ChessBase"]
[PlyCount "77"]
[EventDate "2020.11.19"]
[EventType "team-tourn"]
[EventCountry "RUS"]
[SourceTitle "playchess.com"]
[Source "ChessBase"]
[SourceQuality "1"]
[TimeControl "40/5400+30:1800+30"]

1. e4 {[%emt 0:00:00]} e5 {[%emt 0:00:00]} 2. Nf3 {[%emt 0:00:00]} Nc6 {[%emt 0:00:00]} 3. Bb5 {[%emt 0:00:00]} Nf6 {[%emt 0:00:51]} 4. d3 {[%emt 0:00:07]} Bc5 {[%emt 0:00:53]} 5. c3 {[%emt 0:00:48]} d6 {[%emt 0:22:04]} 6. d4 {[%emt 0:06:43]} exd4 {[%emt 0:00:09]} 7. cxd4 {[%emt 0:00:07]} Bb4+ {[%emt 0:00:07]} 8. Kf1 {[%emt 0:00:22]} d5 {[%emt 0:02:06]} 9. e5 {[%emt 0:12:30]} Nd7 {[%emt 0:05:49]} 10. Qb3 {[%emt 0:02:10]} Be7 {[%emt 0:09:32]} 11. Qxd5 {[%emt 0:01:24]} Nb4 {[%emt 0:04:23]} 12. Qe4 {[%emt 0:17:30]} c6 {[%emt 0:11:39]} 13. Bc4 {[%emt 0:00:32]} Nb6 {[%emt 0:02:33]} 14. Bb3 {[%emt 0:00:08]} a5 {[%emt 0:05:56]} 15. a3 {[%emt 0:01:41]} N4d5 {[%emt 0:03:17]} 16. Nc3 {[%emt 0:00:31]} Be6 {[%emt 0:03:49]} 17. Bc2 {[%emt 0:00:08]} a4 {[%emt 0:00:30]} 18. h4 {[%emt 0:00:30]} h6 {[%emt 0:00:30]} 19. Kg1 {[%emt 0:00:30]} Qd7 {[%emt 0:00:30]} 20. h5 {[%emt 0:00:30]} Ra5 {[%emt 0:00:30]} 21. Nh4 {[%emt 0:00:30]} Bxh4 {[%emt 0:00:30]} 22. Rxh4 {[%emt 0:00:30]} Ne7 {[%emt 0:00:30]} 23. Qe1 {[%emt 0:00:30]} Ra8 {[%emt 0:00:30]} 24. Ne4 {[%emt 0:00:30]} Nf5 {[%emt 0:00:30]} 25. Nc5 {[%emt 0:00:30]} Qe7 {[%emt 0:00:30]} 26. Rf4 {[%emt 0:00:30]} Nxd4 {[%emt 0:00:30]} 27. Nxe6 {[%emt 0:00:30]} Nxc2 {[%emt 0:00:30]} 28. Nxg7+ {[%emt 0:00:30]} Kf8 {[%emt 0:00:30]} 29. Qe4 {[%emt 0:00:30]} Nxa1 {[%emt 0:00:30]} 30. e6 {[%emt 0:00:30]} f6 {[%emt 0:00:30]} 31. Nf5 {[%emt 0:00:30]} Qc7 {[%emt 0:00:30]} 32. Rg4 {[%emt 0:00:30]} Nd5 {[%emt 0:00:30]} 33. Bxh6+ {[%emt 0:00:30]} Ke8 {[%emt 0:00:30]} 34. Rg7 {[%emt 0:00:30]} Qe5 {[%emt 0:00:30]} 35. Qxe5 {[%emt 0:00:30]} fxe5 {[%emt 0:00:30]} 36. Rf7 {[%emt 0:00:30]} Kd8 {[%emt 0:00:30]} 37. Rd7+ {[%emt 0:00:30]} Kc8 {[%emt 0:00:30]} 38. Nd6+ {[%emt 0:00:30]} Kb8 {[%emt 0:00:30]} 39. Rxb7# {[%emt 0:00:30]} 1-0

[Event "XXVII RUS-chT Premier 2020"]
[Site "Sochi"]
[Date "2020.11.20"]
[Round "2.28"]
[White "Smirnov, Timofey"]
[Black "Antipov, Mikhail Al."]
[Result "0-1"]
[WhiteElo "2394"]
[BlackElo "2607"]
[Annotator "ChessBase"]
[PlyCount "144"]
[EventDate "2020.11.19"]
[EventType "team-tourn"]
[EventCountry "RUS"]
[SourceTitle "playchess.com"]
[Source "ChessBase"]
[SourceQuality "1"]
[TimeControl "40/5400+30:1800+30"]

1. e4 {[%emt 0:00:00]} c5 {[%emt 0:00:00]} 2. Nf3 {[%emt 0:00:00]} e6 {[%emt 0:00:00]} 3. d4 {[%emt 0:00:00]} cxd4 {[%emt 0:00:00]} 4. Nxd4 {[%emt 0:00:00]} Nc6 {[%emt 0:00:00]} 5. Nb5 {[%emt 0:04:32]} d6 {[%emt 0:00:00]} 6. Bf4 {[%emt 0:00:07]} e5 {[%emt 0:00:10]} 7. Be3 {[%emt 0:00:07]} Nf6 {[%emt 0:00:42]} 8. Bg5 {[%emt 0:00:41]} Be6 {[%emt 0:01:29]} 9. N1c3 {[%emt 0:03:39]} a6 {[%emt 0:00:50]} 10. Na3 {[%emt 0:02:51]} Be7 {[%emt 0:00:37]} 11. Nc4 {[%emt 0:02:36]} O-O {[%emt 0:00:16]} 12. Bxf6 {[%emt 0:04:41]} Bxf6 {[%emt 0:00:07]} 13. Be2 {[%emt 0:13:39]} Nd4 {[%emt 0:05:12]} 14. Ne3 {[%emt 0:01:49]} Rc8 {[%emt 0:04:59]} 15. Bd3 {[%emt 0:05:34]} Qa5 {[%emt 0:26:55]} 16. O-O {[%emt 0:01:42]} Rxc3 {[%emt 0:00:05]} 17. bxc3 {[%emt 0:00:27]} Qxc3 {[%emt 0:00:04]} 18. Qe1 {[%emt 0:06:18]} Qc5 {[%emt 0:05:08]} 19. c3 {[%emt 0:04:35]} Nc6 {[%emt 0:00:14]} 20. Qd2 {[%emt 0:02:59]} Bg5 {[%emt 0:04:49]} 21. Rfe1 {[%emt 0:02:45]} Rc8 {[%emt 0:00:20]} 22. Rac1 {[%emt 0:05:58]} h5 {[%emt 0:01:06]} 23. Rc2 {[%emt 0:02:14]} g6 {[%emt 0:00:51]} 24. Qe2 {[%emt 0:04:33]} Nb8 {[%emt 0:10:10]} 25. h3 {[%emt 0:07:14]} b5 {[%emt 0:14:34]} 26. Qd1 {[%emt 0:06:54]} Nd7 {[%emt 0:01:37]} 27. Qb1 {[%emt 0:02:16]} Qb6 {[%emt 0:05:35]} 28. Qb4 {[%emt 0:03:52]} Nc5 {[%emt 0:04:19]} 29. Rd2 {[%emt 0:01:03]} Rc6 {[%emt 0:07:59]} 30. Bf1 {[%emt 0:02:33]} Kg7 {[%emt 0:02:42]} 31. Rc2 {[%emt 0:04:55]} Rc8 {[%emt 0:01:18]} 32. a3 {[%emt 0:01:38]} Rb8 {[%emt 0:01:02]} 33. Nd5 {[%emt 0:01:36]} Bxd5 {[%emt 0:01:17]} 34. exd5 {[%emt 0:00:01]} h4 {[%emt 0:00:51]} 35. Qg4 {[%emt 0:01:37]} Bd8 {[%emt 0:00:35]} 36. Rb1 {[%emt 0:00:38]} f5 {[%emt 0:00:38]} 37. Qd1 {[%emt 0:01:26]} Qa5 {[%emt 0:00:51]} 38. Qc1 {[%emt 0:00:54]} Rb7 {[%emt 0:00:56]} 39. Rb4 {[%emt 0:00:07]} Rc7 {[%emt 0:00:39]} 40. c4 {[%emt 0:00:00]} bxc4 {[%emt 0:00:00]} 41. Rcxc4 {[%emt 0:01:08]} e4 {[%emt 0:12:54]} 42. Qf4 {[%emt 0:07:06]} Rd7 {[%emt 0:00:16]} 43. a4 {[%emt 0:00:25]} Bf6 {[%emt 0:01:50]} 44. Rb8 {[%emt 0:04:33]} Qc7 {[%emt 0:04:58]} 45. Rcb4 {[%emt 0:01:51]} Rd8 {[%emt 0:01:00]} 46. R8b6 {[%emt 0:01:31]} Qe7 {[%emt 0:00:11]} 47. Qe3 {[%emt 0:03:10]} Qe5 {[%emt 0:09:39]} 48. Rb7+ {[%emt 0:01:04]} Nxb7 {[%emt 0:00:06]} 49. Rxb7+ {[%emt 0:00:01]} Be7 {[%emt 0:00:23]} 50. Qg5 {[%emt 0:00:21]} Re8 {[%emt 0:00:35]} 51. Qxh4 Qf6 {[%emt 0:00:59]} 52. Qxf6+ {[%emt 0:01:34]} Kxf6 {[%emt 0:00:02]} 53. Bxa6 {[%emt 0:00:01]} Rc8 {[%emt 0:00:51]} 54. Bf1 {[%emt 0:05:30]} Bd8 {[%emt 0:00:34]} 55. Rb5 {[%emt 0:01:10]} Ra8 {[%emt 0:00:16]} 56. Rb4 {[%emt 0:00:26]} Ke5 {[%emt 0:01:19]} 57. g4 {[%emt 0:02:18]} Rc8 {[%emt 0:01:27]} 58. gxf5 {[%emt 0:01:59]} gxf5 {[%emt 0:00:02]} 59. Rb5 {[%emt 0:00:00]} Rc2 {[%emt 0:00:59]} 60. a5 {[%emt 0:00:36]} Bh4 {[%emt 0:00:06]} 61. a6 {[%emt 0:00:20]} Bxf2+ {[%emt 0:00:08]} 62. Kh1 {[%emt 0:00:03]} Ra2 {[%emt 0:00:35]} 63. Rb8 {[%emt 0:01:51]} f4 {[%emt 0:00:14]} 64. Bc4 {[%emt 0:00:51]} Ra1+ {[%emt 0:01:20]} 65. Kg2 {[%emt 0:00:02]} Bc5 {[%emt 0:00:11]} 66. h4 {[%emt 0:00:34]} Kd4 {[%emt 0:00:49]} 67. Bb5 {[%emt 0:00:21]} f3+ {[%emt 0:00:04]} 68. Kg3 {[%emt 0:00:17]} Rg1+ {[%emt 0:00:24]} 69. Kh2 {[%emt 0:00:12]} Rb1 {[%emt 0:00:49]} 70. Rb7 {[%emt 0:00:15]} e3 {[%emt 0:00:45]} 71. h5 {[%emt 0:00:43]} Rxb5 {[%emt 0:00:48]} 72. Rxb5 {[%emt 0:00:05]} e2 {[%emt 0:00:05]} 0-1

[Event "XXVII RUS-chT Premier 2020"]
[Site "Sochi"]
[Date "2020.11.20"]
[Round "2.29"]
[White "Yuffa, Daniil"]
[Black "Tsoi, Dmitry"]
[Result "0-1"]
[WhiteElo "2565"]
[BlackElo "2315"]
[Annotator "ChessBase"]
[PlyCount "80"]
[EventDate "2020.11.19"]
[EventType "team-tourn"]
[EventCountry "RUS"]
[SourceTitle "playchess.com"]
[Source "ChessBase"]
[SourceQuality "1"]
[TimeControl "40/5400+30:1800+30"]

1. d4 {[%emt 0:00:00]} e6 {[%emt 0:00:00]} 2. c4 {[%emt 0:00:11]} f5 {[%emt 0:00:00]} 3. g3 {[%emt 0:00:22]} Nf6 {[%emt 0:00:00]} 4. Bg2 {[%emt 0:00:05]} d5 {[%emt 0:00:00]} 5. Nf3 {[%emt 0:00:55]} c6 {[%emt 0:00:00]} 6. O-O {[%emt 0:00:08]} Bd6 {[%emt 0:00:00]} 7. Nc3 {[%emt 0:00:34]} O-O {[%emt 0:00:06]} 8. Qc2 {[%emt 0:00:14]} Qe7 {[%emt 0:00:44]} 9. Rb1 {[%emt 0:00:51]} Bd7 {[%emt 0:06:00]} 10. c5 {[%emt 0:05:45]} Bc7 {[%emt 0:00:15]} 11. b4 {[%emt 0:00:04]} a6 {[%emt 0:04:05]} 12. a4 {[%emt 0:00:32]} Ne4 {[%emt 0:00:15]} 13. Nxe4 {[%emt 0:07:31]} fxe4 {[%emt 0:00:09]} 14. Bg5 {[%emt 0:02:38]} Qf7 {[%emt 0:13:38]} 15. Ne5 {[%emt 0:00:56]} Bxe5 {[%emt 0:01:16]} 16. dxe5 {[%emt 0:00:13]} h6 {[%emt 0:00:03]} 17. Be3 {[%emt 0:02:44]} Be8 {[%emt 0:00:29]} 18. f3 {[%emt 0:03:51]} exf3 {[%emt 0:01:32]} 19. exf3 {[%emt 0:02:02]} Qh5 {[%emt 0:05:56]} 20. Qc3 {[%emt 0:00:39]} Bg6 {[%emt 0:01:19]} 21. Rb2 {[%emt 0:01:47]} Qf5 {[%emt 0:01:39]} 22. Rd2 {[%emt 0:04:49]} Nd7 {[%emt 0:00:40]} 23. f4 {[%emt 0:01:51]} h5 {[%emt 0:03:41]} 24. h3 {[%emt 0:00:49]} Kf7 {[%emt 0:08:46]} 25. Kh2 {[%emt 0:01:20]} Ke7 {[%emt 0:02:39]} 26. Bf3 {[%emt 0:00:16]} Rh8 {[%emt 0:01:03]} 27. Kg2 {[%emt 0:01:18]} Bf7 {[%emt 0:06:54]} 28. Bd1 {[%emt 0:07:23]} Qh7 {[%emt 0:05:22]} 29. f5 {[%emt 0:05:47]} exf5 {[%emt 0:03:54]} 30. Bg5+ {[%emt 0:00:18]} Kf8 {[%emt 0:02:33]} 31. Rdf2 {[%emt 0:15:38]} Be6 {[%emt 0:03:16]} 32. Rxf5+ {[%emt 0:07:33]} Bxf5 {[%emt 0:02:15]} 33. Bc2 {[%emt 0:01:28]} g6 {[%emt 0:00:33]} 34. e6 {[%emt 0:11:59]} Kg8 {[%emt 0:00:57]} 35. exd7 {[%emt 0:07:18]} Qxd7 {[%emt 0:00:09]} 36. Bf6 {[%emt 0:00:40]} Bxh3+ {[%emt 0:06:50]} 37. Kg1 {[%emt 0:00:05]} Bxf1 {[%emt 0:00:22]} 38. Bxh8 {[%emt 0:00:04]} Qf7 {[%emt 0:05:32]} 39. Bd4 {[%emt 0:00:23]} Bh3 {[%emt 0:01:09]} 40. Kh2 {[%emt 0:00:00]} Bf5 {[%emt 0:00:00]} 0-1

[Event "XXVII RUS-chT Premier 2020"]
[Site "Sochi"]
[Date "2020.11.20"]
[Round "2.30"]
[White "Ter-Saakian, Grigorii"]
[Black "Kryakvin, Dmitry"]
[Result "0-1"]
[WhiteElo "2296"]
[BlackElo "2577"]
[Annotator "ChessBase"]
[PlyCount "172"]
[EventDate "2020.11.19"]
[EventType "team-tourn"]
[EventCountry "RUS"]
[SourceTitle "playchess.com"]
[Source "ChessBase"]
[SourceQuality "1"]
[TimeControl "40/5400+30:1800+30"]

1. e4 {[%emt 0:00:00]} c5 {[%emt 0:00:01]} 2. e5 {[%emt 0:04:22]} Nc6 {[%emt 0:03:56]} 3. f4 {[%emt 0:00:15]} d6 {[%emt 0:03:31]} 4. Nf3 {[%emt 0:01:14]} g6 5. Bb5 {[%emt 0:00:19]} Bd7 {[%emt 0:10:42]} 6. Nc3 {[%emt 0:01:12]} dxe5 {[%emt 0:05:04]} 7. fxe5 {[%emt 0:00:23]} Bg7 {[%emt 0:00:27]} 8. Qe2 {[%emt 0:00:53]} Nd4 {[%emt 0:08:13]} 9. Nxd4 {[%emt 0:01:02]} cxd4 {[%emt 0:00:06]} 10. e6 {[%emt 0:00:25]} fxe6 {[%emt 0:00:31]} 11. Ne4 {[%emt 0:00:51]} Bxb5 {[%emt 0:12:13]} 12. Qxb5+ {[%emt 0:00:06]} Qd7 {[%emt 0:00:05]} 13. Qxd7+ {[%emt 0:00:38]} Kxd7 {[%emt 0:00:09]} 14. Nc5+ {[%emt 0:01:19]} Kc6 {[%emt 0:08:32]} 15. Nxe6 {[%emt 0:00:25]} Be5 {[%emt 0:00:12]} 16. Ng5 {[%emt 0:01:16]} Rf8 {[%emt 0:04:05]} 17. Ke2 {[%emt 0:01:59]} Kd5 {[%emt 0:05:20]} 18. d3 {[%emt 0:01:07]} Nh6 {[%emt 0:04:04]} 19. Ne4 {[%emt 0:03:19]} Ng4 {[%emt 0:02:01]} 20. h3 {[%emt 0:06:47]} Nf6 {[%emt 0:00:53]} 21. c4+ {[%emt 0:07:18]} dxc3 {[%emt 0:02:39]} 22. Nxc3+ {[%emt 0:00:01]} Ke6 {[%emt 0:00:32]} 23. Be3 {[%emt 0:01:15]} Nh5 {[%emt 0:03:53]} 24. Ne4 {[%emt 0:02:10]} Nf4+ {[%emt 0:01:26]} 25. Bxf4 {[%emt 0:00:17]} Rxf4 {[%emt 0:00:30]} 26. Raf1 {[%emt 0:03:24]} Rxf1 {[%emt 0:03:34]} 27. Rxf1 {[%emt 0:00:16]} Rc8 {[%emt 0:00:24]} 28. Kd2 {[%emt 0:01:33]} Bxb2 {[%emt 0:03:40]} 29. Rb1 {[%emt 0:03:46]} Bg7 {[%emt 0:00:26]} 30. Rxb7 {[%emt 0:10:04]} Bh6+ {[%emt 0:00:12]} 31. Ke2 {[%emt 0:00:06]} Rc2+ {[%emt 0:00:10]} 32. Kf3 {[%emt 0:00:06]} Rxa2 {[%emt 0:00:16]} 33. Nc5+ {[%emt 0:02:16]} Kf7 {[%emt 0:01:31]} 34. d4 {[%emt 0:01:35]} Ra3+ {[%emt 0:08:02]} 35. Ke4 {[%emt 0:00:35]} Re3+ {[%emt 0:05:01]} 36. Kd5 {[%emt 0:00:13]} a5 {[%emt 0:00:05]} 37. Ra7 {[%emt 0:00:50]} Re2 {[%emt 0:00:46]} 38. Rxa5 {[%emt 0:01:29]} Rxg2 {[%emt 0:00:34]} 39. Ra3 {[%emt 0:00:42]} Rg5+ {[%emt 0:03:20]} 40. Ke4 {[%emt 0:00:00]} Bg7 {[%emt 0:00:00]} 41. Rf3+ {[%emt 0:01:17]} Bf6 {[%emt 0:02:34]} 42. Nd7 {[%emt 0:00:26]} Rh5 {[%emt 0:03:10]} 43. Nxf6 {[%emt 0:16:40]} exf6 {[%emt 0:00:11]} 44. Ra3 {[%emt 0:00:05]} Rh4+ {[%emt 0:04:50]} 45. Kd5 {[%emt 0:00:08]} g5 {[%emt 0:00:04]} 46. Kc5 {[%emt 0:00:29]} h5 {[%emt 0:00:24]} 47. d5 {[%emt 0:00:23]} g4 {[%emt 0:00:41]} 48. hxg4 {[%emt 0:00:04]} hxg4 {[%emt 0:00:19]} 49. Ra4 {[%emt 0:00:08]} f5 {[%emt 0:03:46]} 50. d6 {[%emt 0:02:22]} Ke6 {[%emt 0:08:52]} 51. Ra7 {[%emt 0:04:19]} Rh1 {[%emt 0:03:19]} 52. Re7+ {[%emt 0:01:13]} Kf6 {[%emt 0:00:04]} 53. Re8 {[%emt 0:00:07]} Rd1 {[%emt 0:00:11]} 54. Kc6 {[%emt 0:01:20]} g3 {[%emt 0:00:43]} 55. Rg8 {[%emt 0:00:09]} f4 {[%emt 0:04:18]} 56. d7 {[%emt 0:00:11]} Kf5 {[%emt 0:01:12]} 57. Kc7 {[%emt 0:01:04]} Ke4 {[%emt 0:00:51]} 58. d8=Q {[%emt 0:00:09]} Rxd8 {[%emt 0:00:08]} 59. Kxd8 {[%emt 0:00:03]} Kf3 {[%emt 0:00:13]} 60. Ke7 {[%emt 0:00:11]} Kg2 {[%emt 0:00:25]} 61. Kf6 {[%emt 0:01:20]} f3 {[%emt 0:00:06]} 62. Kg5 {[%emt 0:00:01]} f2 {[%emt 0:00:06]} 63. Kh4 {[%emt 0:00:01]} f1=Q {[%emt 0:00:12]} 64. Rxg3+ {[%emt 0:00:31]} Kh2 {[%emt 0:00:40]} 65. Rg5 {[%emt 0:00:38]} Qf4+ {[%emt 0:00:14]} 66. Kh5 {[%emt 0:00:04]} Kh3 {[%emt 0:00:06]} 67. Kg6 {[%emt 0:00:03]} Kh4 {[%emt 0:00:29]} 68. Rf5 {[%emt 0:00:05]} Qe4 {[%emt 0:00:11]} 69. Kf6 {[%emt 0:00:04]} Kg4 {[%emt 0:00:08]} 70. Re5 {[%emt 0:00:03]} Qd4 {[%emt 0:00:10]} 71. Ke6 {[%emt 0:00:02]} Kf4 {[%emt 0:00:22]} 72. Rd5 {[%emt 0:00:16]} Qc4 {[%emt 0:00:41]} 73. Kd6 {[%emt 0:00:06]} Ke4 {[%emt 0:00:06]} 74. Rc5 {[%emt 0:00:03]} Qa6+ {[%emt 0:00:17]} 75. Rc6 {[%emt 0:00:07]} Qb5 {[%emt 0:00:36]} 76. Rc5 {[%emt 0:00:21]} Qb6+ {[%emt 0:00:08]} 77. Rc6 {[%emt 0:00:06]} Qd8+ {[%emt 0:00:05]} 78. Kc5 {[%emt 0:00:05]} Qd4+ {[%emt 0:00:20]} 79. Kb5 {[%emt 0:00:03]} Kd5 {[%emt 0:00:04]} 80. Rc7 {[%emt 0:00:36]} Qb2+ {[%emt 0:01:34]} 81. Ka5 {[%emt 0:00:08]} Kd6 {[%emt 0:04:17]} 82. Rc4 {[%emt 0:00:13]} Qb3 {[%emt 0:02:01]} 83. Rb4 {[%emt 0:00:16]} Qa3+ {[%emt 0:00:26]} 84. Kb5 {[%emt 0:00:25]} Kd5 {[%emt 0:00:06]} 85. Ra4 {[%emt 0:00:08]} Qc5+ {[%emt 0:00:13]} 86. Ka6 {[%emt 0:00:05]} Kc6 {[%emt 0:00:14]} 0-1

[Event "XXVII RUS-chT Premier 2020"]
[Site "Sochi"]
[Date "2020.11.21"]
[Round "3.1"]
[White "Iljiushenok, Ilia"]
[Black "Matlakov, Maxim"]
[Result "0-1"]
[WhiteElo "2539"]
[BlackElo "2685"]
[Annotator "TA"]
[PlyCount "116"]
[EventDate "2020.11.19"]
[EventType "team-tourn"]
[EventCountry "RUS"]
[SourceTitle "playchess.com"]
[Source "ChessBase"]
[SourceQuality "1"]

{[%evp 9,116,8,33,6,4,4,5,0,5,0,0,0,0,0,0,0,0,0,4,0,0,0,9,-15,-6,-26,-30,-18,-18,-31,0,0,0,0,0,-29,-27,-29,-31,-31,-27,-45,-31,-31,-31,-51,-15,-17,0,-38,-20,-62,-62,-57,-57,-57,-48,-48,-48,-91,-86,-208,-208,-222,-213,-219,-160,-302,-325,-321,-317,-318,-298,-297,-296,-504,-482,-550,-536,-575,-566,-627,-587,-796,-793,-782,-772,-763,-737,-786,-563,-806,-767,-767,-441,-842,-441,-962,-941,-1689,-1560,-1915,-1929,-1827,-1764,-1160,-717,-717,-710]} 1. e4 c5 2. Nf3 d6 3. Bb5+ Nd7 4. Ba4 Ngf6 5. O-O e6 6. Qe2 {[#] B51: Sicilian: Moscow Variation (3 Bb5+) without 3...Bd7.} Qa5 $146 ({Predecessor:} 6... a6 7. c3 b5 8. Bc2 Bb7 9. d4 Qc7 10. a4 Be7 11. e5 dxe5 12. dxe5 Nd5 13. axb5 axb5 14. Rxa8+ Bxa8 15. Qxb5 c4 16. Nbd2 N5b6 {0-1 (41) Liang,A (2589)-Inarkiev,E (2693) Sitges 2018}) 7. Nc3 Be7 8. d3 {The position is equal.} O-O 9. Bg5 Qc7 10. Rae1 a6 11. Bxd7 Bxd7 12. e5 dxe5 13. Nxe5 Bc6 14. Nxc6 Qxc6 15. Ne4 Nd5 16. b3 Rad8 17. a3 Bxg5 18. Nxg5 h6 19. Nf3 Nc3 20. Qd2 Nb5 21. a4 Nd4 {[#] ...Qxf3! is the strong threat.} 22. Nxd4 (22. Ne5 {feels hotter.} Qc7 23. a5 f6 24. Nc4 e5 25. Re4) 22... cxd4 23. f4 Rd5 24. Rf2 Rc8 25. Qb4 Rc5 26. Ree2 Qd7 27. h3 h5 28. Qe1 g6 29. Qb4 R8c6 30. Kh1 a5 31. Qe1 Qc7 {[%cal Rc5c2]} 32. Qd1 b5 33. axb5 Rxb5 34. Qd2 Rc3 35. Kg1 {[#] Now White is beyond hope.} (35. Kh2 $17 {might work better.}) 35... Rbc5 $1 $19 36. Kh1 Kg7 37. Kg1 h4 38. Kh1 (38. f5 $17 {was called for.}) 38... Rxc2 39. Qxc2 Rxc2 40. Rxc2 {[%mdl 4096] Endgame KQ-KRR} Qb7 41. Rb2 Qb5 42. Rfd2 $2 (42. b4 axb4 43. Rb3) 42... Qf5 {Black is clearly winning.} 43. Ra2 Qxf4 44. Rd1 Qc7 45. Rda1 Qc3 46. Ra3 Qc2 47. Kh2 Qd2 48. Kh1 f6 49. Rxa5 Qxd3 50. b4 Qb3 51. Ra7+ Kh6 52. R7a6 (52. R7a3 $142 Qxb4 53. Ra4) 52... Kg5 53. Rd6 (53. R6a3 $142 Qxb4 54. Ra4) 53... e5 54. Raa6 d3 55. Ra5 Kh6 56. Rad5 e4 57. b5 Qb1+ 58. Kh2 e3 {Weighted Error Value: White=0.60/Black=0.20} 0-1

[Event "XXVII RUS-chT Premier 2020"]
[Site "Sochi"]
[Date "2020.11.21"]
[Round "3.2"]
[White "Fedoseev, Vladimir"]
[Black "Bykov, Oleg"]
[Result "1-0"]
[WhiteElo "2676"]
[BlackElo "2362"]
[Annotator "TA"]
[PlyCount "101"]
[EventDate "2020.11.19"]
[EventType "team-tourn"]
[EventCountry "RUS"]
[SourceTitle "playchess.com"]
[Source "ChessBase"]
[SourceQuality "1"]

{[%evp 9,101,-3,54,0,14,13,25,43,66,59,48,25,62,58,79,66,71,55,66,35,32,1,35,29,49,43,60,45,56,58,81,71,73,73,77,43,125,82,67,50,65,48,47,31,31,31,21,-22,-18,-48,-18,-33,-16,-16,-16,-18,-20,-18,-18,-18,0,0,0,0,0,0,160,169,204,200,189,199,206,185,177,184,182,178,200,200,296,295,359,320,373,358,371,293,581,570,519,511,809,748]} 1. e4 c5 2. Nf3 d6 3. Nc3 Nf6 4. e5 dxe5 5. Nxe5 g6 {[#]} ({Black should play} 5... a6 $11) 6. d4 $146 {B50: Sicilian: 2...d6, Miscellaneous.} (6. Bc4 $14 e6 7. d4) ({Predecessor:} 6. Bb5+ Nbd7 7. Qf3 Qc7 8. Qg3 Nh5 9. Nd5 Qd6 10. Nxd7 Nxg3 11. Ne5+ Bd7 12. Bxd7+ Qxd7 13. Nxd7 Nxh1 14. Nxf8 Kxf8 {1-0 (54) Chigaev,M (2599)-Alekseenko,K (2639) Sochi 2018}) 6... Bg7 7. dxc5 {Black must now prevent Qxd8+.} Qc7 8. Bb5+ {White has an edge.} Nfd7 9. Nd3 O-O 10. O-O {Black should prevent Bf4.} Nxc5 11. Nd5 $1 {[%cal Rd5c7]} Qd6 12. Nxc5 Qxc5 {[#]} 13. c4 $1 {Hoping for Bg5.} Nc6 14. Be3 Qd6 15. Re1 e5 16. Bg5 {Nf6+! is the strong threat.} f6 17. Be3 Kh8 18. Qe2 Bf5 19. Rad1 Rad8 20. h3 Qb8 21. Bc5 Rfe8 22. Qf3 Bf8 ({Better is} 22... a6 $1 $14 23. Ba4 b5 24. cxb5 axb5) 23. Be3 Bg7 24. g4 Bc2 25. Rd2 e4 26. Qf4 Qxf4 27. Bxf4 Bd3 28. b3 Ne5 {And now ...Nf3+ would win.} 29. Re3 Re6 {Strongly threatening ...a6.} 30. Nb4 Bf8 31. Nxd3 Nxd3 32. Bc7 Rd4 33. c5 Bxc5 34. Bxd3 {aiming for Ba5.} Rd7 {[%mdl 64] Pin} 35. Bc4 Rxd2 36. Bxe6 Bxe3 37. fxe3 Kg7 $2 (37... Rxa2 $11 38. Bd5 Re2) 38. a4 $16 Re2 39. Bf4 Rd2 40. h4 Kf8 41. Bh6+ Ke7 42. Bg8 Rd8 43. Bc4 (43. Bxh7 Rh8 $11) 43... Rd2 44. g5 a6 {[#]} (44... Rd1+ {was worth a try.} 45. Kg2 f5) 45. Bg7 $1 $18 fxg5 46. hxg5 Kd6 47. Bf6 Kd7 48. Bd4 Kd6 $2 (48... Ra2 49. Bg8 Ke8) 49. Bg8 {White is clearly winning.} Ke7 50. a5 Ra2 (50... Rc2 $142 51. b4 (51. Bxh7 $2 Kf7 $19) 51... Ke8) 51. b4 {Weighted Error Value: White=0.11/Black=0.30} 1-0

[Event "XXVII RUS-chT Premier 2020"]
[Site "Sochi"]
[Date "2020.11.21"]
[Round "3.3"]
[White "Smirnov, Timofey"]
[Black "Khairullin, Ildar"]
[Result "1-0"]
[WhiteElo "2394"]
[BlackElo "2618"]
[Annotator "TA"]
[PlyCount "101"]
[EventDate "2020.11.19"]
[EventType "team-tourn"]
[EventCountry "RUS"]
[SourceTitle "playchess.com"]
[Source "ChessBase"]
[SourceQuality "1"]

{[%evp 20,101,0,0,0,0,0,0,0,-18,0,-35,-9,-27,7,0,50,50,41,48,54,61,61,49,66,22,100,65,64,81,107,104,111,102,173,99,105,0,169,131,139,77,108,95,113,113,111,71,113,113,112,113,126,112,122,103,120,108,191,180,197,194,160,100,310,294,520,503,467,434,557,606,598,576,569,558,510,312,694,664,970,906,1911,1724]} 1. e4 c6 2. d4 d5 3. Nc3 dxe4 4. Nxe4 Bf5 5. Ng3 Bg6 6. h4 h6 7. Nf3 Nd7 8. h5 Bh7 9. Bd3 Bxd3 10. Qxd3 e6 11. Bf4 Qa5+ {B19: Classical Caro-Kann: 4...Bf5 main line.} 12. Bd2 Bb4 13. c3 Be7 {The position is equal.} 14. c4 Qc7 15. O-O-O Ngf6 16. Ne4 O-O-O 17. g3 Nc5 18. Nxc5 Bxc5 19. Bc3 {[#]} Rhe8 $146 ({Predecessor:} 19... Bd6 20. Kb1 Rhe8 21. Qc2 c5 22. d5 e5 23. Rde1 Nd7 24. Qh7 Bf8 25. Rh4 Kb8 {1-0 (41) Minguez Rodriguez,R (2219)-Ubach Miralda,M (2258) Catalunya 2009}) 20. Qe2 Bd6 21. Ne5 c5 22. f4 Kb8 (22... cxd4 $11 23. Bxd4 Bxe5 24. Bxe5 Qc6) 23. Kb1 cxd4 24. Bxd4 Bc5 25. Bc3 Kc8 26. g4 Nh7 (26... Rxd1+ $16 27. Rxd1 Rd8) 27. Qe4 (27. b4 $18 Qb6 28. a3 (28. Nxf7 Bxb4 29. Bb2 Rxd1+ 30. Rxd1 Qc7 $16)) 27... Nf6 28. Qe2 (28. Qf3 $16) 28... Nh7 $1 $18 29. Qc2 Nf8 30. Qe4 (30. b4 $142 Rxd1+ 31. Rxd1) 30... Rxd1+ 31. Rxd1 f6 {[#]} 32. Nd3 $1 Rd8 33. Rf1 Be7 34. Kc2 Rd6 35. b3 {[%cal Bb2b3,Bb3b4,Bb4b5][%mdl 32]} Rc6 36. a4 a6 37. Kb2 Qd6 38. Rd1 Qd8 (38... Kb8 $16 {is a better defense.}) 39. Kc2 Nd7 40. b4 Qc7 41. Nb2 (41. c5 $142) 41... Kb8 $2 {[#] Black cannot hold the game after this.} (41... Rd6 $16 {keeps fighting.}) 42. Qg6 $1 {[%cal Rg6e8]} Nb6 $2 (42... Ka7 43. a5 (43. Qxg7 Nb6 $16) 43... Rd6 44. Rxd6 (44. Qxg7 Rxd1 45. Nxd1 Bf8 $18) 44... Bxd6) 43. Qe8+ Ka7 44. b5 Rxc4 45. Nxc4 Qxc4 46. Qxe7 Qxa4+ 47. Kc1 Qxf4+ 48. Kb2 Qxg4 $2 {[#]} (48... Qf3) 49. bxa6 $1 {[%csl Ga6][%cal Re7b7][%mdl 512] White is clearly winning.} Nc4+ (49... Kxa6 50. Ra1+) 50. Ka2 {[%csl Ga6][%cal Re7b7]} Kxa6 51. Ra1 {Weighted Error Value: White=0.19/Black=0.42} 1-0